Mind your manners : (Record no. 138515)

MARC details
000 -LEADER
fixed length control field 00791nam a2200241Ia 4500
003 - CONTROL NUMBER IDENTIFIER
control field OSt
005 - DATE AND TIME OF LATEST TRANSACTION
control field 20240226111255.0
008 - FIXED-LENGTH DATA ELEMENTS--GENERAL INFORMATION
fixed length control field
020 ## - INTERNATIONAL STANDARD BOOK NUMBER
International Standard Book Number 085290469X (paperback)
040 ## - CATALOGING SOURCE
Transcribing agency NUST
Original cataloging agency NUST
Language of cataloging eng
Modifying agency NUST
Description conventions rda
050 ## - LIBRARY OF CONGRESS CALL NUMBER
Classification number HF5389 MOL
100 1# - MAIN ENTRY--PERSONAL NAME
Personal name Mole, John.
Relator term Author
245 10 - TITLE STATEMENT
Title Mind your manners :
Remainder of title culture clash in the European single market /
Statement of responsibility, etc. John Mole.
260 ## - PUBLICATION, DISTRIBUTION, ETC.
Place of publication, distribution, etc. London :
Name of publisher, distributor, etc. Brealey Pub.,
Date of publication, distribution, etc. c1990.
300 ## - PHYSICAL DESCRIPTION
Extent xiii, 200 pages ;
Dimensions 23 cm.
336 ## - CONTENT TYPE
Source rdacontent
Content type term text
Content type code txt
337 ## - MEDIA TYPE
Source rdamedia
Media type term unmediated
Media type code n
338 ## - CARRIER TYPE
Source rdacarrier
Carrier type term volume
Carrier type code nc
650 #0 - SUBJECT ADDED ENTRY--TOPICAL TERM
Topical term or geographic name entry element Industrial management
Geographic subdivision Europe.
650 #0 - SUBJECT ADDED ENTRY--TOPICAL TERM
Topical term or geographic name entry element Business etiquette
Geographic subdivision Europe.
650 #0 - SUBJECT ADDED ENTRY--TOPICAL TERM
Topical term or geographic name entry element Corporate culture
Geographic subdivision Europe.
942 ## - ADDED ENTRY ELEMENTS (KOHA)
Koha item type Ordinary Loan Books
Call number prefix HF
Call number suffix MOL
Source of classification or shelving scheme Library of Congress Classification
Classification part HF5389
Suppress in OPAC No
Holdings
Withdrawn status Lost status Source of classification or shelving scheme Damaged status Not for loan Collection Home library Current library Shelving location Date acquired Cost, normal purchase price Total Checkouts Full call number Barcode Date last seen Accession number Cost, replacement price Price effective from Koha item type Public note Source of acquisition
    LCC     NFIC MAIN MAIN GEN 01/23/2023 15.00 1 HF5389 MOL 92004020538 01/23/2023 43297 15.00 01/23/2023 BOOKS Donation  
    LCC     NFIC MAIN MAIN GEN 01/23/2023 15.00   HF5389 MOL 92004020685 01/23/2023 42928 15.00 01/23/2023 BOOKS Donation Book Aid International